El porvenir es largo (Record no. 185860)

MARC details
000 -LEADER
campo de control de longitud fija 00873nam a2200253 i 4500
001 - NÚMERO DE CONTROL
campo de control 185860
003 - IDENTIFICADOR DE NÚMERO DE CONTROL
campo de control SpMaBN
005 - FECHA Y HORA DE LA ÚLTIMA TRANSACCIÓN
campo de control 20250911062659.0
008 - DATOS DE LONGITUD FIJA--INFORMACIÓN GENERAL
campo de control de longitud fija 160816s1992 sp fo |||| |aspa d
020 ## - NÚMERO INTERNACIONAL ESTÁNDAR DEL LIBRO
Número Internacional Estándar del Libro 84-233-2238-6
080 ## - NÚMERO DE LA CLASIFICACIÓN DECIMAL UNIVERSAL
Número de la Clasificación Decimal Universal 929 Althusser, Louis
100 1# - ENTRADA PRINCIPAL--NOMBRE DE PERSONA
Nombre de persona Althusser, Louis.
9 (RLIN) 20538
245 13 - MENCIÓN DEL TÍTULO
Título El porvenir es largo
Resto del título ; Los hechos /
Mención de responsabilidad, etc. Louis Althusser ; traducción [de la primera obra], Marta Pessarrodona, [de la segunda obra], Carles Urritz.
250 ## - MENCION DE EDICION
Mención de edición 1ª ed.
260 ## - PUBLICACIÓN, DISTRIBUCIÓN, ETC.
Lugar de publicación, distribución, etc. Barcelona :
Nombre del editor, distribuidor, etc. Destino,
Fecha de publicación, distribución, etc. 1992.
300 ## - DESCRIPCIÓN FÍSICA
Extensión 482 p., [16] p. de lám. fot. ;
Dimensiones 20 cm.
490 1# - MENCIÓN DE SERIE
Mención de serie Áncora y delfín ;
Designación de volumen o secuencia 691
600 17 - PUNTO DE ACCESO ADICIONAL DE MATERIA--NOMBRE DE PERSONA
Nombre de persona Althusser, Louis.
9 (RLIN) 20538
700 1# - ENTRADA AGREGADA--NOMBRE PERSONAL
Nombre de persona Pessarrodona, Marta.
9 (RLIN) 91447
740 42 - ENTRADA AGREGADA--TÍTULO RELACIONADO/ANALÍTICO NO CONTROLADO
Título relacionado o analítico no controlado Los hechos.
830 00 - PUNTO DE ACCESO ADICIONAL DE SERIE-TÍTULO UNIFORME
Título uniforme Áncora y Delfín
Designación de volumen o secuencia 691
9 (RLIN) 151298
852 ## - LOCALIZACIÓN
Ubicación ES-MaACL
Número de control de estantería L-30559
Nota libre . - Donat. Miguel A. Velasco
Holdings
Estatus retirado Estado de pérdida Estado de daño No para préstamo Biblioteca de origen Biblioteca actual Ubicación en estantería Fecha de adquisición Fuente de adquisición Total de préstamos Signatura topográfica completa Código de barras Visto por última vez Precio de reemplazo Tipo de ítem Koha
        Biblioteca del Ateneo de Madrid Biblioteca del Ateneo de Madrid Depósito 2 16/08/2016     L-30559 1195920 23/02/2023 23/02/2023 Libro impreso